Pavilón Milana Rastislava Štefánika zaujímavá študentská architektonická súťaž

Bibliographic Details
Main Author: Tužinský, Imrich, 1938- (Author)
Format: Article
Language:Slovak
PhysicalDescription:Obr.
ISSN:1336-0264
Subjects:

MARC

LEADER 00000nab a2200000 a 4500
001 vtls009297086
003 SK-MaSNL
005 20260304164010.0
008 250507c2008 xo mr|p|||||||000 b|slo
015 |a SNBRB2008/05  |2 snkbucl 
035 |a urn:nbn:sk:snk-ab832z 
035 |a (urnnbn)urn:nbn:sk:snk:ar-0066a8 
035 |a (uuid)d6de6c6e-8742-41f1-b1c2-5e8390f8a2a0 
038 |a SNKBUCL 
040 |a SNKBUCL  |b slo  |c SNKBUCL  |e AACR2 
041 0 |a slo 
044 |a xo  |c SK 
080 |a 72:06.063  |x (437.6)  |2 2001 
100 1 |a Tužinský, Imrich,  |d 1938-  |4 aut  |9 28150 
245 1 0 |a Pavilón Milana Rastislava Štefánika  |b zaujímavá študentská architektonická súťaž  |c Imrich Tužinský 
300 |b Obr. 
610 2 7 |a BC Torsion Groupe Dirickx (Slovensko)  |x architektonické súťaže  |2 snkbucl  |9 1492012 
611 2 7 |a Prostredie a detail  |n (4. :  |d 2008 :  |c Bratislava, Slovensko)  |2 snkbucl  |9 1285132 
650 0 7 |a architektonické študentské súťaže  |2 snkbucl  |9 860078 
655 7 |a výsledky  |2 snkbucl  |9 489892 
773 0 |t Fórum architektúry  |g Roč. XVIII, č. 5 (2008), s. 14-15  |x 1336-0264 
850 |a Slovenská národná knižnica 
852 |a Slovenská národná knižnica 
954 |a odborná, vedecká literatúra pôvodná (slovenská)  |2 lita 
958 |a article9 
958 |a OND 
958 |a EUIPO 
999 |c 2979366  |d 2981296